书目信息 |
| 题名: |
古代汉语基础练习
|
|
| 作者: | 朱振家 , 吴鸿清 编 | |
| 分册: | ||
| 出版信息: | 北京 中央广播电视大学出版社 1995.03 |
|
| 页数: | 380页 | |
| 开本: | 20cm | |
| 丛书名: | ||
| 单 册: | ||
| 中图分类: | H109.2 | |
| 科图分类: | ||
| 主题词: | 汉语--古代--广播电视教育--教学参考资料 | |
| 电子资源: | ||
| ISBN: | 7-304-01189-0 | |
| 000 | 00733nam0 2200229 450 | |
| 001 | 0196023569 | |
| 005 | 20100812111822.23 | |
| 010 | @a7-304-01189-0@dCNY11.50 | |
| 100 | @a20100515e1995 em y0chiy0110 ea | |
| 101 | 0 | @achi |
| 102 | @aCN@b110000 | |
| 105 | @ay zq 000yy | |
| 200 | 1 | @a古代汉语基础练习@Agu dai han yu ji chu lian xi@f朱振家, 吴鸿清编@Fzhu zhen jia,wu hong qing bian |
| 210 | @a北京@c中央广播电视大学出版社@d1995.03 | |
| 215 | @a380页@d20cm | |
| 330 | @a全书共分文字、词汇、语法(上下)、综合运用五个单元。 | |
| 606 | 0 | @a汉语@z古代@x广播电视教育@x教学参考资料 |
| 690 | @aH109.2@v4 | |
| 701 | 0 | @a朱振家@Azhu zhen jia@4编 |
| 701 | 0 | @a吴鸿清@Awu hong qing@4编 |
| 801 | @c20100515 | |
| 905 | @dH109.2@eZ890-2@f5 | |
| 古代汉语基础练习/朱振家, 吴鸿清编.-北京:中央广播电视大学出版社,1995.03 |
| 380页;20cm |
| ISBN 7-304-01189-0:CNY11.50 |
| 全书共分文字、词汇、语法(上下)、综合运用五个单元。 |
| ● |
| 相关链接 |
|
|
|
正题名:古代汉语基础练习
索取号:H109.2/Z890-2
 
预约/预借
| 序号 | 登录号 | 条形码 | 馆藏地/架位号 | 状态 | 备注 |
| 1 | 1024577 | 210245778 | 语言库209/209语言库 70排3列1层/ [索取号:H109.2/Z890-2] | 在馆 | |
| 2 | 1024578 | 210245787 | 语言库209/209语言库 70排3列1层/ [索取号:H109.2/Z890-2] | 在馆 | |
| 3 | 1024579 | 210245796 | 语言库209/209语言库 70排3列1层/ [索取号:H109.2/Z890-2] | 在馆 | |
| 4 | 1024580 | 210245803 | 语言库209/209语言库 70排3列1层/ [索取号:H109.2/Z890-2] | 在馆 | |
| 5 | 1024581 | 210245812 | 语言库209/209语言库 70排3列1层/ [索取号:H109.2/Z890-2] | 在馆 |